000 00761nam a2200253 i 4500
001 C2-0282271
003 PPAK
005 20180728012656.0
008 071003s1994 nyua|||| ||||| | eng d
020 _a059068213X
040 _aPPAK
_beng
_cPPAK
_erda
082 0 4 _a796.3570973
_223
090 0 0 _a796.3570973
_bMCK
_dLCK
100 1 _aMcKissack, Patricia C,
_eauthor
245 1 0 _aBlack Diamond :
_bthe story of the negro baseball leagues
264 1 _aNew York :
_bPolaris ,
_c1994
300 _a184 pages :
_billustrations ;
_c19 cm
336 _2rdacontent
_atext
337 _2rdamedia
_aunmediated
338 _2rdacarrier
_avolume
500 _aIncludes bibliographical references and index
650 1 0 _aNegro leagues--History
942 _ddc
_cB
999 _c88544
_d88544